000 00549nam a22002057a 4500
003 UA-OsUOA
001 55469
007 ta
008 20080916b un ||||| |||| 00| 0 ukr d
090 _a330
_bД36
942 _cSA
040 _aUA-OsUOA
_bukr
_cUA-OsUOA
_dUA-OsUOA
245 _aДержфінпослуг: звіт про роботу за 2007 рік
300 _aС.6-7
955 _a0
041 _aukr
080 _a330
773 0 _w55466
_tУкраїна- business
_dК.
_d2008
_g43
650 7 _a330 Економіка взагалі
_2UDC
999 _c341510
_d341510